Statystyki dla Stolice mody

Kliknij tutaj aby rozwiązać quiz!

Ogólne statystyki

  • Ten quiz został rozwiązany 36 razy
    (30 od ostatniego zresetowania)
  • Średni wynik to 10 z 20

Statystyki odpowiedzi

PozycjaMiasto% Poprawnych
1Paryż
100%
6Mediolan
91%
5Rzym
91%
3Londyn
87%
2Nowy Jork
87%
7Barcelona
74%
8Berlin
74%
9Madryt
74%
10Tokio
70%
4Los Angeles
61%
13Sydney
39%
15Szanghaj
26%
17Dubaj
17%
11Florencja
17%
19Miami
17%
18Rio de Janeiro
13%
12Hongkong
9%
14Singapur
9%
20Dallas
4%
16São Paulo
4%

Rozkład punktacji

Percentyl według liczby udzielonych odpowiedzi

Procent ludzi z każdym wynikiem

Twoja historia wyników

Nie rozwiązałeś tego quizu od ostatniego zresetowania